Giảng dạy và học tập môn lịch sử ở các trường phổ thông /

সংরক্ষণ করুন:
গ্রন্থ-পঞ্জীর বিবরন
প্রধান লেখক: Nguyễn Văn Tận, PGS.TS.
অন্যান্য লেখক: Thái Thị Thanh Thủy, ThS.
বিন্যাস: প্রবন্ধ
ভাষা:Vietnamese
বিষয়গুলি:
ট্যাগগুলো: ট্যাগ যুক্ত করুন
কোনো ট্যাগ নেই, প্রথমজন হিসাবে ট্যাগ করুন!
Thư viện lưu trữ: Thư viện Trường Đại học Đà Lạt
LEADER 00856nam a2200277 4500
001 DLU090086352
005 ##20091217
040 # # |a DLU  |b vie 
041 # # |a vie 
044 # # |a vn 
100 # # |a Nguyễn Văn Tận,   |c PGS.TS. 
245 # # |a Giảng dạy và học tập môn lịch sử ở các trường phổ thông /  |c Nguyễn Văn Tận, Thái Thị Thanh Thủy. 
653 # # |a Nhận thức 
653 # # |a Phương pháp giảng dạy 
653 # # |a Sử học 
700 # # |a Thái Thị Thanh Thủy,   |c ThS. 
773 # # |t Xưa nay  |g Số 3(303), 2008, tr. IX-XI 
920 # # |a Phòng Tạp chí -- Trung tâm Thông tin - Thư viện Trường Đại học Đà Lạt 
994 # # |a DLU 
900 # # |a True 
911 # # |a Nguyễn Thị Linh Chi 
925 # # |a G 
926 # # |a A 
927 # # |a BB 
980 # # |a Thư viện Trường Đại học Đà Lạt